Name the Body of Water - Statistics

General Stats
  • This quiz has been taken 36 times
  • The average score is 9 of 15
Answer Stats
Hint Answer % Correct
Is in between the U.K, Denmark, and Norway North Sea
84%
Is Between Estonia and Sweden Baltic Sea
81%
Is what the southern coast of Europe is made up of Mediterranean Sea
81%
Is in between Italy and Croatia Adriatic Sea
75%
Is what the Coast of Ukraine is made up of Black Sea
75%
Largest inland Body of Water Caspian Sea
75%
In between Alaska and Russia Bering Sea
72%
Michigan Borders 4 of 5 of these The Great Lakes
72%
Borders Russia, Canada, Usa, and Denmark (Greenland) Arctic Ocean
66%
Borders the U.S, Mexico, and Cuba The Gulf of America
63%
In Between India and Myanmar Bay of Bengal
56%
Borders North America, Europe and Northern Africa North Atlantic Ocean
28%
Borders North America, Asia, and Northern Parts of Oceania North Pacific Ocean
28%
Borders South America and South Africa South Atlantic Ocean
28%
Borders South America and Oceania South Pacific ocean
28%
No matching quizzes found
Score Distribution
Percent of People with Each Score
Percentile by Number Answered
Your Score History
You have not taken this quiz